书目信息 |
| 题名: |
项目风险管理
|
|
| 作者: | 郭波 , 龚时雨 , 谭云涛 编著 | |
| 分册: | ||
| 出版信息: | 北京 电子工业出版社 2008.01 |
|
| 页数: | 186页 | |
| 开本: | 28cm | |
| 丛书名: | 高等院校项目管理学位教育系列规划教材 | |
| 单 册: | ||
| 中图分类: | F224.5 | |
| 科图分类: | ||
| 主题词: | 项目管理--xiang mu guan li--风险管理--高等学校--教材 | |
| 电子资源: | ||
| ISBN: | 978-7-121-04819-7 | |
| 000 | 01294nam 2200277 450 | |
| 001 | 012008458265 | |
| 005 | 20080806143506.18 | |
| 010 | @a978-7-121-04819-7@dCNY26.00 | |
| 100 | @a20080806d2008 em y0chiy0120 ea | |
| 101 | 0 | @achi |
| 102 | @aCN@b110000 | |
| 105 | @ay z 000yy | |
| 106 | @ar | |
| 200 | 1 | @a项目风险管理@Axiang mu feng xian guan li@f郭波, 龚时雨, 谭云涛等编著@Fguo bo,gong shi yu,tan yun tao deng bian zhu |
| 210 | @a北京@c电子工业出版社@d2008.01 | |
| 215 | @a186页@d28cm | |
| 225 | 2 | @a高等院校项目管理学位教育系列规划教材@Agao deng yuan xiao xiang mu guan li xue wei jiao yu xi lie gui hua jiao cai |
| 330 | @a本书系统地介绍了项目风险管理的基本概念、项目风险管理规划、项目风险分析、风险应对、风险监控、定性定量的风险管理技术和方法,在内容上既着重于项目风险管理的基本理论与方地,又力图反映出项目风险管理的最新进展,同时引用了大量实例对书中的理论与方法进行说明,从理论和实践两方面循序渐进地向读者展现最新、最全的项目风险管理知识. | |
| 410 | 0 | @12001 @a高等院校项目管理学位教育系列规划教材 |
| 606 | 0 | @a项目管理@Axiang mu guan li@x风险管理@x高等学校@j教材 |
| 690 | @aF224.5@v4 | |
| 701 | 0 | @a郭波@Aguo bo@4编著 |
| 701 | 0 | @a龚时雨@Agong shi yu@4编著 |
| 701 | 0 | @a谭云涛@Atan yun tao@4编著 |
| 801 | 0 | @aCN@bQSSK@c20080806 |
| 905 | @b732180-81@dF224.5@eG786@f2 | |
| 项目风险管理/郭波, 龚时雨, 谭云涛等编著.-北京:电子工业出版社,2008.01 |
| 186页;28cm.-(高等院校项目管理学位教育系列规划教材) |
| ISBN 978-7-121-04819-7:CNY26.00 |
| 本书系统地介绍了项目风险管理的基本概念、项目风险管理规划、项目风险分析、风险应对、风险监控、定性定量的风险管理技术和方法,在内容上既着重于项目风险管理的基本理论与方地,又力图反映出项目风险管理的最新进展,同时引用了大量实例对书中的理论与方法进行说明,从理论和实践两方面循序渐进地向读者展现最新、最全的项目风险管理知识. |
| ● |
| 相关链接 |
|
|
|
正题名:项目风险管理
索取号:F224.5/G786
 
预约/预借
| 序号 | 登录号 | 条形码 | 馆藏地/架位号 | 状态 | 备注 |
| 1 | 732180 | 207321806 | 社科库409/409社科库 73排2列5层/ [索取号:F224.5/G786] | 在馆 | |
| 2 | 732181 | 207321815 | 社科库409/409社科库 73排2列5层/ [索取号:F224.5/G786] | 在馆 |